000 00317nam a22001337a 4500
008 171027b xxu||||| |||| 00| 0 eng d
020 _a9781556232343
041 _aeng
080 _a336
100 _a56
101 _aFIN
245 _aFINANCIAL OPTIONS FROM THEORY TO PRACTICE
_cSILBER.W.L
942 _2udc
_cBK
999 _c36179
_d36179